000 00943nam a2200277 i 4500
001 10126
003 ES-MaACL
005 20230906145826.0
007 t|
008 950214s1994 sp ||||1| spa d
020 _a84-470-0328-0
080 _a368.032:351.84(46)"19"(094.5)
080 _a351.84(46)"19"(094.5):368.032
130 0 _aEspaña.
_k[Leyes, etc. de seguros]
_9121299
245 1 0 _aLegislación de seguros /
_cedición preparada por José Ramón del Caño Palop, Ana Antelo Suárez.
250 _a[1ª ed.].
260 _aMadrid :
_bCivitas,
_c1994.
300 _a460 p. ;
_c16 cm.
490 1 _aBiblioteca de legislación ;
_v20
650 1 4 _aSeguros-
_zEspaña-
_xLegislación.
_917025
700 1 _aCaño Palop, José Ramón del,
_erec.
_934770
700 1 _aAntelo Suárez, Ana,
_erec.
_921871
830 0 _aBiblioteca de legislación ;
_v20
_9177899
852 _aES-MaACL
_jL-17592
_bR.123736
999 _c10126
_d10126